| 000 | 00604nam a22001937a 4500 | ||
|---|---|---|---|
| 999 |
_c19030 _d19030 |
||
| 003 | AR-CdUCM | ||
| 008 | 190516b ||||| |||| 00| 0 spa d | ||
| 040 |
_aMUNICIPALIDAD PROVINCIAL DEL CUSCO _cBIBLIOTECA MUNICIPAL DEL CUSCO |
||
| 082 |
_a379.287 / _bV55 |
||
| 100 |
_aVetancourt Aristeguieta, I. _940083 |
||
| 245 | _aEl maestro del libertador / | ||
| 260 |
_aLima : _bUniversitaria, _c1968. |
||
| 300 |
_a185 páginas ; _c21 cm. |
||
| 505 | _aContenido: El maestro del libertador. | ||
| 650 |
_aRestos mortales _940084 |
||
| 650 |
_aTeatro _9173 |
||
| 942 |
_2ddc _cLIBROS |
||
| 945 |
_aacv _d2019-05-16 |
||